BSOP header

Summoned from the margin : (Record no. 37486)

MARC details
000 -LEADER
fixed length control field 00992cam a22002414a 4500
001 - CONTROL NUMBER
control field 793225528
003 - CONTROL NUMBER IDENTIFIER
control field OCoLC
005 - DATE AND TIME OF LATEST TRANSACTION
control field 20140521154701.0
008 - FIXED-LENGTH DATA ELEMENTS--GENERAL INFORMATION
fixed length control field 120607s2012 miu b 001 0aeng
010 ## - LIBRARY OF CONGRESS CONTROL NUMBER
LC control number 2012018930
020 ## - INTERNATIONAL STANDARD BOOK NUMBER
International Standard Book Number 9780802867421
020 ## - INTERNATIONAL STANDARD BOOK NUMBER
International Standard Book Number 0802867421
042 ## - AUTHENTICATION CODE
Authentication code pcc
100 1# - MAIN ENTRY--PERSONAL NAME
Personal name Sanneh, Lamin O.
245 10 - TITLE STATEMENT
Title Summoned from the margin :
Remainder of title homecoming of an African /
Statement of responsibility, etc Lamin Sanneh.
260 ## - PUBLICATION, DISTRIBUTION, ETC. (IMPRINT)
Place of publication, distribution, etc Grand Rapids, Mich. :
Name of publisher, distributor, etc William B. Eerdmans Pub. Co.,
Date of publication, distribution, etc 2012.
300 ## - PHYSICAL DESCRIPTION
Extent xx, 281 p. ;
Dimensions 23 cm.
504 ## - BIBLIOGRAPHY, ETC. NOTE
Bibliography, etc Includes bibliographical references and index.
505 0# - FORMATTED CONTENTS NOTE
Formatted contents note Pt. 1. What God wills -- Negotiating childhood -- Second wind -- Exile at home -- Knocking on the door -- Challenged -- pt. 2. New World -- Intercontinental vistas -- Boomerang -- Clipped cedars -- Beyond jihad -- pt. 3. Native tongue -- Turning point -- Homecoming -- Rock of ages.
600 10 - SUBJECT ADDED ENTRY--PERSONAL NAME
Personal name Sanneh, Lamin O.
650 #0 - SUBJECT ADDED ENTRY--TOPICAL TERM
Topical term or geographic name as entry element Christian converts from Islam
Form subdivision Biography.
942 ## - ADDED ENTRY ELEMENTS (KOHA)
Source of classification or shelving scheme Library of Congress Classification
Item type Books
Holdings
Withdrawn status Lost status Source of classification or shelving scheme Damaged status Not for loan Home library Current library Shelving location Date acquired Source of acquisition Cost, normal purchase price Inventory number Total Checkouts Full call number Barcode Date last seen Price effective from Koha item type
    Library of Congress Classification     BSOP Library BSOP Library GC 05/21/2014 Amazon 13.39 36528   BV4935.S34 .A3 Sa5 2012 00044128 05/21/2014 05/21/2014 Books
BSOP

Biblical Seminary of the Philippines
  All rights Reserved
  © 2024

CONTACT INFORMATION

Biblical Seminary of the Philippines,
  77-B Karuhatan Road, Valenzuela City,
  PHILIPPINES 1441
  Phone: +632 8292-6795 / 8292-6798
  Fax : +632 8292-6675
  Email: library@bsop.edu.ph